In vitro regeneration of aglaonema (aglaonema commutatum) in different tissue culture media / (Record no. 18333)

MARC details
000 -LEADER
fixed length control field 01075nam a22002777a 4500
001 - CONTROL NUMBER
control field BD-DhSAU 9278
003 - CONTROL NUMBER IDENTIFIER
control field BD-DhSAU
005 - DATE AND TIME OF LATEST TRANSACTION
control field 20260405130307.0
008 - FIXED-LENGTH DATA ELEMENTS--GENERAL INFORMATION
fixed length control field 260405b2018 bg a|||| m||| 00| 0 eng d
040 ## - CATALOGING SOURCE
Original cataloging agency BD-DhSAU
082 ## - DEWEY DECIMAL CLASSIFICATION NUMBER
Edition number 22
Classification number 660.6
Item number L944
100 ## - MAIN ENTRY--PERSONAL NAME
Personal name AKTER, LOVELY
Relator term Registration # 22010122
245 ## - TITLE STATEMENT
Title In vitro regeneration of aglaonema<br/>(aglaonema commutatum) in different tissue <br/>culture media /<br/>
Remainder of title MS thesis
260 ## - PUBLICATION, DISTRIBUTION, ETC. (IMPRINT)
Place of publication, distribution, etc. Sher-e-Bangla Agricultural University :
Name of publisher, distributor, etc. Department of Biotechnology,
Date of publication, distribution, etc. 2024.
300 ## - PHYSICAL DESCRIPTION
Extent xiv, 70p. :
Other physical details ill. ;
Dimensions 30 cm.
500 ## - GENERAL NOTE
General note MS thesis of Department of Biotechnology,, Faculty of Agriculture , Sher-e-Bangla Agricultural University, Dhaka, Bangladesh
504 ## - BIBLIOGRAPHY, ETC. NOTE
Bibliography, etc Includes bibliographical reference.
590 ## - Name of Cataloguer
Name of Cataloger Nazmul
650 ## - SUBJECT ADDED ENTRY--TOPICAL TERM
Topical term or geographic name as entry element in vitro regeneration
650 ## - SUBJECT ADDED ENTRY--TOPICAL TERM
Topical term or geographic name as entry element aglaonema (aglaonema commutatum)
651 ## - SUBJECT ADDED ENTRY--GEOGRAPHIC NAME
Geographic name tissue culture media
700 ## - ADDED ENTRY--PERSONAL NAME
Personal name Assist. Prof. Dr. Md. Rafiqul Islam
Relator term Superviser
700 ## - ADDED ENTRY--PERSONAL NAME
Personal name Prof. Dr. Md. Ekramul Hoque
Relator term Co-superviser
942 ## - ADDED ENTRY ELEMENTS (KOHA)
Source of classification or shelving scheme Dewey Decimal Classification
Koha item type MS Level Thesis
Holdings
Withdrawn status Lost status Source of classification or shelving scheme Damaged status Not for loan Collection code Coded location qualifier Home library Branch Name Date acquired Coded location qualifier Total Checkouts Full call number Barcode Date last seen Price effective from Koha item type
    Dewey Decimal Classification   Not For Loan Reference | SAU Library SAU Library 05/04/2026 |   660.6 Su22 46194 05/04/2026 05/04/2026 MS Level Thesis